| 000 | 01602nam a2200325 4500 | ||
|---|---|---|---|
| 003 | CO-CtgCURN | ||
| 005 | 20250329165428.0 | ||
| 008 | 160531s2004 000 0 eng d | ||
| 040 |
_aCO-CtgCURN _bspa _ccoctgcurn |
||
| 082 | 0 |
_aENF 2004 _bL791 |
|
| 245 | 0 | 0 |
_aIncidencias del entorno socio familiar en el comportamiento psicologico del paciente con insuficiencia renal cronica sometido a hemodialisis de la ESE José Prudencio Padilla en Cartagena de Indias del 2004 / _cLudy Carolina Llamas Carvajal ... [et al.] ; asesor, Elsa López. |
| 260 |
_aCartagena de Indias : _bCorporación Universitaria Rafael Núñez, _c2004. |
||
| 300 |
_a110 h. + _eAnexos. |
||
| 336 | _2rdacontent | ||
| 337 |
_2rdamedia _asin mediacion _bn |
||
| 338 |
_2rdacarrier _avolumen _bnc |
||
| 500 | _aIncluye anexos. | ||
| 502 | _aTrabajo de grado (Enfermera (o)). Corporación Universitaria Rafael Nuñez. Facultad de Ciencias de la Salud. Programa de Enfermeria, 2004. | ||
| 504 | _aIncluye bibliografia. | ||
| 590 | _aEnfemeria | ||
| 650 | 0 |
_aEnfermeria _vTesis y disertaciones academicas. |
|
| 700 | 1 | _aLlamas Carvajal, Ludy Carolina. | |
| 700 | 1 | _aBarrios Ricaurte, Zully Paola. | |
| 700 | 1 | _aNoriega Garcés, Lilia Esther. | |
| 700 | 1 | _aTurizo B., Yhajaira Rocio. | |
| 700 | 1 |
_aLópez, Elsa, _easesor. |
|
| 856 | 7 |
_uhttps://unicurn.sharepoint.com/:b:/s/biblioteca/ESjd3azud8RMu6KsM2OPbi4B_80ACXCX90Jy8xRRrghtfw?e=5nfdl6 _zClick aqui para ver el recurso en texto completo |
|
| 942 |
_hENF 2004 _iL791 _2ddc _cTG |
||
| 999 |
_c3668 _d3668 |
||